Conversaciones difíciles: cómo enfrentar las situaciones complejas (Registro nro. 11253)
[ vista simple ]
| 000 -CABECERA | |
|---|---|
| campo de control de longitud fija | 00860nam a22002897a 4500 |
| 005 - FECHA Y HORA DE ACTUALIZACIÓN | |
| campo de control | 20241024124509.0 |
| 008 - LONGITUD FIJA | |
| campo de control de longitud fija | 181017b xxu||||| |||| 00| 0 spa d |
| 020 ## - INTERNATIONAL STANDARD BOOK NUMBER | |
| Número Internacional Estándar del Libro | 9789873887376 |
| 041 ## - IDIOMA | |
| Código de idioma del texto/pista de sonido o título separado | |
| 082 ## - CLASIFICACIÓN DECIMAL DEWEY | |
| Número de clasificación | 658.3 V114c |
| 100 ## - AUTOR PERSONAL | |
| Nombre de persona | Vaccarini, Vilma |
| 245 ## - TÍTULO PROPIAMENTE DICHO | |
| Título | Conversaciones difíciles: cómo enfrentar las situaciones complejas |
| 260 ## - PIE DE IMPRENTA | |
| Lugar de publicación, distribución, etc. | Argentina |
| 260 ## - PIE DE IMPRENTA | |
| Nombre del editor, distribuidor, etc. | Temas |
| 260 ## - PIE DE IMPRENTA | |
| Fecha de publicación, distribución, etc. | 2016 |
| 300 ## - DESCRIPCIÓN FÍSICA | |
| Extensión | 56 páginas |
| 440 ## - | |
| Título | Herramientas para líderes del siglo XXI |
| 650 ## - Materia General | |
| Materia general | LIDERAZGO |
| 650 ## - Materia General | |
| Materia general | ADMINISTRACIÓN DE EMPRESAS |
| 650 ## - Materia General | |
| Materia general | GESTIÓN ORGANIZACIONAL |
| 650 ## - Materia General | |
| Materia general | DISEÑAR CONVERSACIONES |
| 650 ## - Materia General | |
| Materia general | CONVERSACIONES DIFÍCILES |
| 650 ## - Materia General | |
| Materia general | CONSEJOS PARA UNA BUENA CONVERSACIÓN |
| 650 ## - Materia General | |
| Materia general | CLAVES PARA ENFRENTAR CONVERSACIONES DIFÍCILES |
| 650 ## - Materia General | |
| Materia general | ESCUCHA ACTIVA |
| 942 ## - Punto de Acceso Adicional Koha | |
| Tipo de ítem Koha | Libro |
| Estado perdido | Fuente de clasificación o esquema de estantería | Estado dañado | No para préstamo | Biblioteca permanente | Biblioteca actual | Enumeración serial/Volumen | Signatura completa | Código de barras | Programa Académico | Tipo de ítem |
|---|---|---|---|---|---|---|---|---|---|---|
| Dewey Decimal Classification | Departamento de Biblioteca y Documentación Alfonso Chase Brenes | Departamento de Biblioteca y Documentación Alfonso Chase Brenes | 1 edición | 658.3 V114c | 23662 | Libro |